| 000 | 00376pab a2200145 454500 | ||
|---|---|---|---|
| 008 | 180718b1987 xxu||||| |||| 00| 0 eng d | ||
| 100 | _aChitharanjan, K.V. | ||
| 245 | _aAn anatomy of migration in the process of urbanization | ||
| 260 | _c1987 | ||
| 300 | _a1-13 | ||
| 362 | _aApr.-June | ||
| 650 | _aRural - Urban Migration - India | ||
| 773 | _aNagarlok | ||
| 909 | _a17637 | ||
| 999 |
_c17637 _d17637 |
||